00560 2200181 4500001002100000005001500021035002000036007000300056008003900059082000800098084001400106100001900120245010900139260003700248300004400285650003500329022001400364INLIS00000000000202520250814012550 a0010-0825000301ta250814 | | |  a332 a332 BAN s0 aBank Indonesia1 aStatistik Ekonomi Keuangan Daerah Provinsi Kalimantan Utara Vol. 9 No. 2 Februari 2025 /cBank Indonesia aTarakan :bBank Indonesia,c2025 aix; 139 Halaman :bteks; tabel ;c29 cm 4aEkonomi Keuangan dan Finansial a2598-8972